[Event "59.Camp. Veneto Quarti di Finale"]
[Site "Venezia Canal"]
[Date "1999.05.14"]
[Round "1.2"]
[White "Rossi, Gianni"]
[Black "Bianchi, Andrea"]
[Result "0-1"]
[WhiteElo "1722"]
[BlackElo "2145"]
[Annotator "Gabriele Ballarin"]
[PlyCount "46"]
[EventDate "1999.05.14"]
[EventType "swiss"]
[EventCountry "ITA"]
[SourceTitle "CBM 001"]
[Source "ChessBase"]
[SourceDate "2004.01.01"]
[SourceVersion "1"]
[SourceVersionDate "2004.01.01"]
[SourceQuality "1"]

1. d4 d5 2. e4 dxe4 3. Nc3 c6 4. f3 exf3 5. Nxf3 Nf6 6. Bg5 h6 7. Bh4 Bf5 8. Bc4 e6 9. O-O Be7 10. Ne5 O-O 11. Rxf5 exf5 12. Ng6 Kh7 13. Nxf8+ Qxf8 14. Qf3 g6 15. Re1 Nbd7 16. Qh3 Re8 17. Bg5 Ng4 18. Bxe7 Rxe7 19. Qg3 Rxe1+ 20. Qxe1 Qd6 21. Kf1 Qxd4 22. Bxf7 Qf4+ 23. Ke2 Qe3+ 0-1

[Event "59.Camp. Veneto Quarti di Finale"]
[Site "Venezia Canal"]
[Date "1999.03.14"]
[Round "1.3"]
[White "Ventura, Boris"]
[Black "De Donatis, Daniele"]
[Result "1-0"]
[WhiteElo "2115"]
[BlackElo "1600"]
[Annotator "Gabriele Ballarin"]
[PlyCount "81"]
[EventDate "1999.05.14"]
[EventType "swiss"]
[EventCountry "ITA"]
[SourceTitle "CBM 001"]
[Source "ChessBase"]
[SourceDate "2004.01.01"]
[SourceVersion "1"]
[SourceVersionDate "2004.01.01"]
[SourceQuality "1"]

1. e4 c5 2. Nf3 Nc6 3. d4 cxd4 4. Nxd4 Nf6 5. Nc3 e6 6. Ndb5 a6 7. Nd6+ Bxd6 8. Qxd6 Qa5 9. Bd2 Qe5 10. Qxe5 Nxe5 11. f4 Nc6 12. e5 Ng8 13. Ne4 f6 14. Bc3 d5 15. exd6 Bd7 16. Bc4 O-O-O 17. O-O-O Nh6 18. Rhe1 e5 19. fxe5 fxe5 20. a4 Rhf8 21. b4 Nf5 22. Kb2 h6 23. g4 Nfd4 24. b5 axb5 25. axb5 Na7 26. Bxd4 exd4 27. Rxd4 Bxb5 28. Be6+ Bd7 29. Nc5 Nc6 30. Bxd7+ Rxd7 31. Nxd7 Kxd7 32. Rdd1 Rf4 33. Rf1 g5 34. Rxf4 gxf4 35. Rf1 Kxd6 36. Rxf4 Ke5 37. Rf5+ Ke6 38. Rh5 Kf6 39. Rxh6+ Kg5 40. Rxc6 bxc6 41. h3 1-0

[Event "59.Camp. Veneto Quarti di Finale"]
[Site "Venezia Canal"]
[Date "1999.05.14"]
[Round "1.4"]
[White "Zarpellon, Daniel"]
[Black "Rossato, Armando"]
[Result "0-1"]
[WhiteElo "1642"]
[BlackElo "1959"]
[Annotator "Gabriele Ballarin"]
[PlyCount "134"]
[EventDate "1999.05.14"]
[EventType "swiss"]
[EventCountry "ITA"]
[SourceTitle "CBM 001"]
[Source "ChessBase"]
[SourceDate "2004.01.01"]
[SourceVersion "1"]
[SourceVersionDate "2004.01.01"]
[SourceQuality "1"]

1. e4 c5 2. Nc3 Nc6 3. g3 d6 4. Bg2 Nf6 5. Nge2 g6 6. d3 Bg7 7. h3 Qb6 8. O-O Bd7 9. Rb1 Rc8 10. Be3 Nd4 11. Qd2 O-O 12. b4 e5 13. bxc5 Qxc5 14. Kh2 b5 15. Rfc1 a6 16. Nd1 Qa3 17. Nxd4 exd4 18. Bxd4 Ng4+ 19. hxg4 Bxd4 20. c3 Bg7 21. f3 Be6 22. Qb2 Qa5 23. a3 d5 24. Qb4 Qc7 25. a4 dxe4 26. dxe4 Rfd8 27. axb5 axb5 28. Qxb5 Bh6 29. g5 Bc4 30. Qb7 Bxg5 31. Qxc7 Rxc7 32. f4 Be7 33. Ne3 Rd3 34. Nxc4 Rxc4 35. Rb3 Rd2 36. Kh1 Ra4 37. Rb5 Raa2 38. Bf1 Ba3 39. Re1 h5 40. c4 Rac2 41. Rd5 Rf2 42. Red1 h4 43. gxh4 Rh2+ 44. Kg1 Rxh4 45. f5 Rg4+ 46. Kh1 Rh4+ 47. Kg1 Rxe4 48. fxg6 Rg4+ 49. Kh1 fxg6 50. R1d2 Rh4+ 51. Kg1 Bc5+ 52. Kg2 Rxd2+ 53. Rxd2 Kf7 54. Rd5 Be7 55. Kg3 Rh1 56. Bg2 Rc1 57. Rb5 Rc3+ 58. Kg4 Rxc4+ 59. Kh3 Kf6 60. Rb3 Bd6 61. Bf3 Kg5 62. Rd3 Rh4+ 63. Kg2 Be5 64. Re3 Bf4 65. Rb3 Rh2+ 66. Kf1 Ra2 67. Rb6 Be3 0-1

[Event "59.Camp. Veneto Quarti di Finale"]
[Site "Venezia Canal"]
[Date "1999.05.14"]
[Round "1.5"]
[White "Pegoraro, Nicola"]
[Black "Ceccherini, Paolo"]
[Result "1-0"]
[WhiteElo "2072"]
[BlackElo "1606"]
[Annotator "Gabriele Ballarin"]
[PlyCount "108"]
[EventDate "1999.05.14"]
[EventType "swiss"]
[EventCountry "ITA"]
[SourceTitle "CBM 001"]
[Source "ChessBase"]
[SourceDate "2004.01.01"]
[SourceVersion "1"]
[SourceVersionDate "2004.01.01"]
[SourceQuality "1"]

1. e4 e5 2. Nf3 Nc6 3. d4 exd4 4. Bc4 Be7 5. c3 dxc3 6. Qd5 Nh6 7. Bxh6 O-O 8. Bxg7 Kxg7 9. Nxc3 Nb4 10. Qd1 d6 11. Bb3 Bf6 12. Nd4 c5 13. Nde2 a6 14. O-O b5 15. a3 Nc6 16. Bd5 Bd7 17. Ng3 Rc8 18. Nh5+ Kh8 19. Nxf6 Qxf6 20. Rb1 Nd4 21. Ne2 Nc6 22. Qd2 Rg8 23. Qf4 Qxf4 24. Nxf4 Rg7 25. f3 f5 26. Nh5 Re7 27. Nf6 Nd4 28. Nxd7 Rxd7 29. exf5 Re7 30. Rfe1 Rxe1+ 31. Rxe1 Nxf5 32. Bb7 Rb8 33. Bxa6 b4 34. a4 Ra8 35. Bb5 Nd4 36. Rd1 Nxb5 37. axb5 Rb8 38. Rxd6 Rxb5 39. Rc6 Kg7 40. Kf1 h5 41. Ke2 Ra5 42. Kd3 Ra2 43. Kc2 Ra5 44. h4 Kf7 45. Kb3 Ke7 46. g4 Kd7 47. Rg6 hxg4 48. fxg4 Ra1 49. h5 Ke7 50. h6 Rf1 51. Rg5 Rf7 52. Rg7 Rxg7 53. hxg7 Kf7 54. Kc4 Kxg7 1-0

[Event "59.Camp. Veneto Quarti di Finale"]
[Site "Venezia Canal"]
[Date "1999.05.14"]
[Round "1.6"]
[White "Pechy, Alaster"]
[Black "Renier, Renzo"]
[Result "0-1"]
[WhiteElo "1597"]
[BlackElo "1917"]
[Annotator "Gabriele Ballarin"]
[PlyCount "134"]
[EventDate "1999.05.14"]
[EventType "swiss"]
[EventCountry "ITA"]
[SourceTitle "CBM 001"]
[Source "ChessBase"]
[SourceDate "2004.01.01"]
[SourceVersion "1"]
[SourceVersionDate "2004.01.01"]
[SourceQuality "1"]

1. b3 d5 2. Bb2 Nf6 3. Nf3 Bf5 4. e3 e6 5. Be2 Nbd7 6. Nh4 Bg6 7. Nxg6 hxg6 8. d3 Bd6 9. Nd2 Qe7 10. h3 Ne5 11. d4 Ned7 12. c4 c6 13. c5 Bc7 14. Qc2 e5 15. O-O-O O-O-O 16. Rde1 Rhe8 17. b4 exd4 18. exd4 Bf4 19. g3 Bxd2+ 20. Qxd2 Ne4 21. Qf4 Qf6 22. Qxf6 Ndxf6 23. Rhf1 a6 24. a4 g5 25. b5 axb5 26. axb5 Rh8 27. bxc6 bxc6 28. Bg4+ Nxg4 29. hxg4 Rh2 30. Re3 f6 31. f3 Nxg3 32. Rfe1 Rh1 33. Bc3 Rxe1+ 34. Bxe1 Nf1 35. Re7 Rd7 36. Re8+ Kb7 37. Kd1 g6 38. Ke2 Nh2 39. Bg3 Rh7 40. Kf2 f5 41. Kg2 fxg4 42. Bxh2 gxf3+ 43. Kg3 f2 44. Rf8 Rh4 45. Rxf2 Rxd4 46. Rb2+ Kc8 47. Kf2 Rc4 48. Bd6 g4 49. Kg3 Kd7 50. Re2 d4 51. Re7+ Kd8 52. Kxg4 d3+ 53. Kf3 Rc1 54. Bf4 Rf1+ 55. Kg2 Rxf4 56. Re1 d2 57. Rd1 Rd4 58. Kf3 Kd7 59. Ke3 Rd5 60. Kf4 Ke6 61. Ke4 g5 62. Kf3 Kf5 63. Ke3 g4 64. Rf1+ Ke5 65. Rd1 Rd4 66. Kf2 Kd5 67. Ke3 Kxc5 0-1

[Event "59.Camp. Veneto Quarti di Finale"]
[Site "Venezia Canal"]
[Date "1999.05.14"]
[Round "1.7"]
[White "Battagin_214, Mosè"]
[Black "Di Giacomo, Antonio"]
[Result "0-1"]
[WhiteElo "1897"]
[BlackElo "1552"]
[Annotator "Gabriele Ballarin"]
[PlyCount "134"]
[EventDate "1999.05.14"]
[EventType "swiss"]
[EventCountry "ITA"]
[SourceTitle "CBM 001"]
[Source "ChessBase"]
[SourceDate "2004.01.01"]
[SourceVersion "1"]
[SourceVersionDate "2004.01.01"]
[SourceQuality "1"]

1. e4 e5 2. Nf3 d6 3. d4 Nd7 4. Bc4 c6 5. O-O Be7 6. Qe2 Ngf6 7. Rd1 Qc7 8. Nbd2 Nb6 9. Bb3 O-O 10. dxe5 dxe5 11. Nf1 Bg4 12. h3 Bxf3 13. Qxf3 Nfd7 14. Ng3 Nc5 15. Nf5 Nxb3 16. axb3 Rfe8 17. Bd2 Nc8 18. Qg4 g6 19. Nh6+ Kf8 20. Ba5 Nb6 21. Rd3 Qc8 22. Qg3 Qe6 23. Rf3 f6 24. Ng4 Nd7 25. Bc3 Kg7 26. Bd2 h5 27. Ne3 Nc5 28. Nf5+ Kh7 29. Re1 Bf8 30. Nh4 Qf7 31. Bc3 Qg7 32. Rfe3 Ne6 33. Qf3 Bc5 34. Rd3 Nf4 35. Rdd1 Ne6 36. g3 Rad8 37. Ra1 a6 38. Kg2 Ng5 39. Qe2 Qd7 40. Rh1 Ne6 41. Rhf1 Bd4 42. Rad1 Qe7 43. Ba5 b6 44. Bd2 a5 45. c3 Bc5 46. f4 exf4 47. gxf4 Ng7 48. Rde1 f5 49. Nf3 Qxe4 50. Qxe4 fxe4 51. Ng5+ Kg8 52. Be3 Bxe3 53. Rxe3 Nf5 54. Rxe4 Rxe4 55. Nxe4 Ne3+ 56. Kf2 Nxf1 57. Kxf1 Rd3 58. Kg2 Kg7 59. h4 Re3 60. Nd6 Re2+ 61. Kf3 Rxb2 62. f5 gxf5 63. Nxf5+ Kf6 64. Ng3 Kg6 65. Ne2 Rxb3 66. Nf4+ Kh6 67. Ne2 a4 0-1

[Event "59.Camp. Veneto Quarti di Finale"]
[Site "Venezia Canal"]
[Date "1999.05.14"]
[Round "1.8"]
[White "Pavon, Michele"]
[Black "Roberti, Ignazio"]
[Result "1/2-1/2"]
[WhiteElo "1609"]
[BlackElo "1652"]
[Annotator "Gabriele Ballarin"]
[PlyCount "106"]
[EventDate "1999.05.14"]
[EventType "swiss"]
[EventCountry "ITA"]
[SourceTitle "CBM 001"]
[Source "ChessBase"]
[SourceDate "2004.01.01"]
[SourceVersion "1"]
[SourceVersionDate "2004.01.01"]
[SourceQuality "1"]

1. e4 c5 2. Nf3 d6 3. d4 cxd4 4. Nxd4 Nf6 5. Nc3 g6 6. Be3 Bg7 7. f3 O-O 8. Qd2 Nc6 9. O-O-O d5 10. Nxc6 bxc6 11. exd5 cxd5 12. Nxd5 Rb8 13. Nxf6+ Bxf6 14. Bd4 Qd5 15. b3 e5 16. Be3 Qc6 17. Qd6 Qc3 18. Qxf6 Qxe3+ 19. Kb1 Bf5 20. Bc4 Qc3 21. Bd3 Rb6 22. Qg5 Be6 23. Qd2 Qd4 24. Rhe1 f5 25. Qe3 Qb4 26. Qxe5 Rfb8 27. Bf1 a5 28. Qd4 Qe7 29. Bc4 Qf7 30. Bxe6 Rxe6 31. Rxe6 Qxe6 32. Qd5 Re8 33. Qxe6+ Rxe6 34. Rd2 Kf7 35. c4 Ke7 36. Kc2 Re1 37. c5 Re5 38. Rd4 Rxc5+ 39. Kd2 Re5 40. a3 Rc5 41. b4 axb4 42. axb4 Rb5 43. Kc3 Re5 44. Rd2 Re1 45. Rb2 Kd7 46. g3 Kc6 47. f4 Kb5 48. Kd4 Re4+ 49. Kd5 Re1 50. Kd4 Re4+ 51. Kd3 Re1 52. Kc3 Re4 53. Kd3 Re1 1/2-1/2

[Event "59.Camp. Veneto Quarti di Finale"]
[Site "Venezia Canal"]
[Date "1999.05.15"]
[Round "2.1"]
[White "Renier, Renzo"]
[Black "Rosino, Antonio"]
[Result "0-1"]
[WhiteElo "1917"]
[BlackElo "2275"]
[Annotator "Gabriele Ballarin"]
[PlyCount "90"]
[EventDate "1999.05.14"]
[EventType "swiss"]
[EventCountry "ITA"]
[SourceTitle "CBM 001"]
[Source "ChessBase"]
[SourceDate "2004.01.01"]
[SourceVersion "1"]
[SourceVersionDate "2004.01.01"]
[SourceQuality "1"]

1. e4 e5 2. Nf3 Nc6 3. Bb5 a6 4. Bxc6 dxc6 5. O-O Bd6 6. d4 exd4 7. Qxd4 f6 8. h3 Ne7 9. Rd1 Ng6 10. Nbd2 Be6 11. b3 Qe7 12. Bb2 O-O 13. Nc4 Bc5 14. Qd3 Qf7 15. Bd4 Rad8 16. Qe3 Bxd4 17. Rxd4 Rxd4 18. Qxd4 Bxc4 19. bxc4 Ne5 20. Nd2 Qe7 21. Rb1 Rd8 22. Qe3 Qd6 23. f4 Qxd2 24. Qxd2 Rxd2 25. fxe5 fxe5 26. Rxb7 Rxc2 27. Rxc7 Rxc4 28. Kf2 Rxe4 29. Rxc6 Ra4 30. Rc2 Kf7 31. Kf3 h5 32. Rb2 Kf6 33. g3 Kf5 34. Re2 Ra3+ 35. Kg2 a5 36. Kh2 a4 37. Kg2 Rc3 38. h4 e4 39. Kf2 Ke5 40. Rb2 Kd4 41. Rd2+ Rd3 42. Rc2 a3 43. Re2 Rf3+ 44. Kg2 Rf7 45. g4 Kd3 0-1

[Event "59.Camp. Veneto Quarti di Finale"]
[Site "Venezia Canal"]
[Date "1999.05.15"]
[Round "2.2"]
[White "Bianchi, Andrea"]
[Black "Pegoraro, Nicola"]
[Result "1-0"]
[WhiteElo "2145"]
[BlackElo "2072"]
[Annotator "Gabriele Ballarin"]
[PlyCount "76"]
[EventDate "1999.05.14"]
[EventType "swiss"]
[EventCountry "ITA"]
[SourceTitle "CBM 001"]
[Source "ChessBase"]
[SourceDate "2004.01.01"]
[SourceVersion "1"]
[SourceVersionDate "2004.01.01"]
[SourceQuality "1"]

1. e4 c5 2. Nf3 d6 3. d4 cxd4 4. Qxd4 a6 5. c4 Nc6 6. Qd2 Nf6 7. Nc3 g6 8. b3 Bg7 9. Bb2 O-O 10. h3 Kh8 11. Bd3 Nd7 12. Rd1 Nde5 13. Nxe5 dxe5 14. Qe3 Be6 15. O-O Qd4 16. Qc1 Qa7 17. Na4 Rad8 18. c5 Qb8 19. Bc3 Nd4 20. Ba5 Rc8 21. Bb6 Rc6 22. Qb2 f5 23. b4 Bd7 24. Nc3 f4 25. f3 g5 26. b5 axb5 27. Bxb5 Qe8 28. Bxc6 Bxc6 29. a4 h5 30. Nb5 Qg6 31. Nxd4 exd4 32. Qb3 Be5 33. a5 Kg7 34. Kf2 Qe8 35. Qe6 Bb8 36. Rxd4 Rf6 37. Qb3 Qg6 38. Rd8 Be5 1-0

[Event "59.Camp. Veneto Quarti di Finale"]
[Site "Venezia Canal"]
[Date "1999.05.15"]
[Round "2.3"]
[White "Di Giacomo, Antonio"]
[Black "Ventura, Boris"]
[Result "0-1"]
[WhiteElo "1552"]
[BlackElo "2115"]
[Annotator "Gabriele Ballarin"]
[PlyCount "54"]
[EventDate "1999.05.14"]
[EventType "swiss"]
[EventCountry "ITA"]
[SourceTitle "CBM 001"]
[Source "ChessBase"]
[SourceDate "2004.01.01"]
[SourceVersion "1"]
[SourceVersionDate "2004.01.01"]
[SourceQuality "1"]

1. d4 Nf6 2. c4 c5 3. e3 e6 4. Nf3 b6 5. Nc3 Bb7 6. Bd3 Be7 7. O-O O-O 8. Qe2 d5 9. cxd5 exd5 10. b3 Ne4 11. Bb2 Bf6 12. Rac1 Re8 13. Qc2 Nc6 14. a3 cxd4 15. Nxe4 dxe4 16. Bxe4 d3 17. Bxh7+ Kxh7 18. Qd2 Bxb2 19. Qxb2 Qf6 20. Qd2 Rad8 21. Rc4 Ne5 22. Rf4 Qg6 23. Kh1 Nxf3 24. gxf3 Qh5 25. e4 g5 26. Rg1 gxf4 27. Qxf4 Qxf3+ 0-1

[Event "59.Camp. Veneto Quarti di Finale"]
[Site "Venezia Canal"]
[Date "1999.05.15"]
[Round "2.4"]
[White "Rossato, Armando"]
[Black "Pavon, Michele"]
[Result "1-0"]
[WhiteElo "1959"]
[BlackElo "1609"]
[Annotator "Gabriele Ballarin"]
[PlyCount "107"]
[EventDate "1999.05.14"]
[EventType "swiss"]
[EventCountry "ITA"]
[SourceTitle "CBM 001"]
[Source "ChessBase"]
[SourceDate "2004.01.01"]
[SourceVersion "1"]
[SourceVersionDate "2004.01.01"]
[SourceQuality "1"]

1. d4 d5 2. Nf3 Nf6 3. e3 Bf5 4. c4 c6 5. cxd5 cxd5 6. Qb3 Qb6 7. Qxb6 axb6 8. Nc3 e6 9. Bb5+ Nbd7 10. Bd2 Bd6 11. Nh4 Bg6 12. Nxg6 hxg6 13. h3 O-O 14. Ke2 Rfd8 15. Rhc1 Ra5 16. a3 Kf8 17. Bd3 Raa8 18. Nb5 Be7 19. Rc7 Rab8 20. Rac1 Ne8 21. R7c2 Ndf6 22. f3 Nd6 23. Nxd6 Bxd6 24. f4 Ne4 25. Bxe4 dxe4 26. Rc3 Rd7 27. Rb3 Bc7 28. Rc4 f5 29. Bb4+ Ke8 30. Kd2 Kd8 31. Rbc3 e5 32. fxe5 Bxe5 33. Ke2 Bg3 34. Rc1 Rd5 35. Be1 Bxe1 36. Kxe1 Rd7 37. h4 Ra8 38. Kf2 Ra6 39. Kg3 Ra5 40. Kf4 Rad5 41. Rc8+ Ke7 42. Kg5 Kf7 43. Rb8 R5d6 44. Rcc8 Rc6 45. Rxc6 bxc6 46. Rxb6 Rc7 47. Rb3 Rd7 48. Rc3 Rd6 49. Rc5 Rf6 50. g3 Ke7 51. a4 Kd7 52. b4 Rf8 53. Kxg6 Rb8 54. b5 1-0

[Event "59.Camp. Veneto Quarti di Finale"]
[Site "Venezia Canal"]
[Date "1999.05.15"]
[Round "2.5"]
[White "Roberti, Ignazio"]
[Black "Salata, Alessio"]
[Result "1-0"]
[WhiteElo "1652"]
[BlackElo "1552"]
[Annotator "Gabriele Ballarin"]
[PlyCount "71"]
[EventDate "1999.05.14"]
[EventType "swiss"]
[EventCountry "ITA"]
[SourceTitle "CBM 001"]
[Source "ChessBase"]
[SourceDate "2004.01.01"]
[SourceVersion "1"]
[SourceVersionDate "2004.01.01"]
[SourceQuality "1"]

1. e4 c5 2. Nf3 Nc6 3. d4 cxd4 4. Nxd4 e6 5. Nc3 a6 6. Be3 Nge7 7. Be2 Nxd4 8. Bxd4 b5 9. a3 Nc6 10. Be3 Be7 11. O-O Bb7 12. f4 O-O 13. Bf3 Qc7 14. Kh1 Rad8 15. Qe1 Na5 16. Rd1 Nc4 17. Bc1 Nb6 18. e5 d5 19. g4 b4 20. axb4 Bxb4 21. Qf2 Bc5 22. Qg3 Nc4 23. Rde1 d4 24. Ne4 Bxe4 25. Bxe4 g6 26. h4 Qb6 27. h5 Ne3 28. Bxe3 dxe3 29. hxg6 fxg6 30. f5 exf5 31. gxf5 Rd2 32. fxg6 Rxf1+ 33. Rxf1 hxg6 34. Bxg6 Rd7 35. Bf7+ Kf8 36. Qg8+ 1-0

[Event "59.Camp. Veneto Quarti di Finale"]
[Site "Venezia Canal"]
[Date "1999.05.15"]
[Round "2.6"]
[White "Viola, Matteo"]
[Black "Quaranta, Gaetano"]
[Result "1-0"]
[WhiteElo "1880"]
[BlackElo "1588"]
[Annotator "Gabriele Ballarin"]
[PlyCount "51"]
[EventDate "1999.05.14"]
[EventType "swiss"]
[EventCountry "ITA"]
[SourceTitle "CBM 001"]
[Source "ChessBase"]
[SourceDate "2004.01.01"]
[SourceVersion "1"]
[SourceVersionDate "2004.01.01"]
[SourceQuality "1"]

1. d4 Nf6 2. Nc3 e6 3. e4 Bb4 4. Bg5 d6 5. Qf3 Nbd7 6. O-O-O Bxc3 7. bxc3 h6 8. Bh4 g5 9. Bg3 d5 10. exd5 Nxd5 11. c4 Ne7 12. h4 Nc6 13. d5 Nce5 14. Qe3 Qf6 15. hxg5 hxg5 16. Rxh8+ Qxh8 17. dxe6 fxe6 18. Re1 Nc6 19. Qxe6+ Kd8 20. Nf3 Nde5 21. Qd5+ Nd7 22. Nxg5 Qa1+ 23. Kd2 Qxe1+ 24. Kxe1 Nb4 25. Qg8+ Ke7 26. Qf7+ 1-0

[Event "59.Camp. Veneto Quarti di Finale"]
[Site "Venezia Canal"]
[Date "1999.05.15"]
[Round "2.7"]
[White "Ceccherini, Paolo"]
[Black "Rossi, Gianni"]
[Result "0-1"]
[WhiteElo "1606"]
[BlackElo "1722"]
[Annotator "Gabriele Ballarin"]
[PlyCount "34"]
[EventDate "1999.05.14"]
[EventType "swiss"]
[EventCountry "ITA"]
[SourceTitle "CBM 001"]
[Source "ChessBase"]
[SourceDate "2004.01.01"]
[SourceVersion "1"]
[SourceVersionDate "2004.01.01"]
[SourceQuality "1"]

1. e4 Nf6 2. e5 Nd5 3. d4 d6 4. Bb5+ Bd7 5. e6 Bxb5 6. exf7+ Kd7 7. c4 Bxc4 8. Qa4+ b5 9. Qa3 Nb6 10. Nc3 Nc6 11. Nxb5 Bxb5 12. Qh3+ e6 13. a4 Bc4 14. Nf3 Qf6 15. a5 Nd5 16. b3 Ba6 17. Bb2 Qf5 0-1

[Event "59.Camp. Veneto Quarti di Finale"]
[Site "Venezia Canal"]
[Date "1999.05.15"]
[Round "2.8"]
[White "De Donatis, Daniele"]
[Black "Battagin_214, Mosè"]
[Result "1/2-1/2"]
[WhiteElo "1600"]
[BlackElo "1897"]
[Annotator "Gabriele Ballarin"]
[PlyCount "102"]
[EventDate "1999.05.14"]
[EventType "swiss"]
[EventCountry "ITA"]
[SourceTitle "CBM 001"]
[Source "ChessBase"]
[SourceDate "2004.01.01"]
[SourceVersion "1"]
[SourceVersionDate "2004.01.01"]
[SourceQuality "1"]

1. e4 d6 2. d4 Nf6 3. Nc3 g6 4. h3 Bg7 5. Nf3 O-O 6. Bg5 Na6 7. Bxa6 bxa6 8. O-O Rb8 9. Rb1 Bb7 10. Re1 Re8 11. Qd3 c6 12. Bf4 Qa5 13. b4 Qc7 14. e5 Nd5 15. exd6 exd6 16. Nxd5 cxd5 17. c3 Re4 18. Be3 Rbe8 19. a4 h6 20. Nd2 R4e6 21. Nb3 Bc8 22. Bd2 Qc4 23. Qxc4 dxc4 24. Na5 d5 25. Rxe6 Rxe6 26. Re1 Bd7 27. Rxe6 fxe6 28. Nb7 e5 29. dxe5 Bxe5 30. Nc5 Bc8 31. f4 Bg7 32. Kf2 d4 33. cxd4 Bxd4+ 34. Be3 Bc3 35. b5 axb5 36. axb5 Ba5 37. Na4 Bd7 38. Bxa7 Bxb5 39. Nc5 c3 40. Nb3 Bb4 41. Nc1 Kf7 42. g4 h5 43. Be3 Bc4 44. Ne2 Be6 45. Nd4 Bd5 46. f5 hxg4 47. fxg6+ Kxg6 48. hxg4 Bc5 49. Ne2 Bxe3+ 50. Kxe3 c2 51. Kd2 Kg5 1/2-1/2

[Event "59.Camp. Veneto Quarti di Finale"]
[Site "Venezia Canal"]
[Date "1999.05.15"]
[Round "2.9"]
[White "Pechy, Alaster"]
[Black "Zarpellon, Daniel"]
[Result "0-1"]
[WhiteElo "1597"]
[BlackElo "1642"]
[Annotator "Gabriele Ballarin"]
[PlyCount "124"]
[EventDate "1999.05.14"]
[EventType "swiss"]
[EventCountry "ITA"]
[SourceTitle "CBM 001"]
[Source "ChessBase"]
[SourceDate "2004.01.01"]
[SourceVersion "1"]
[SourceVersionDate "2004.01.01"]
[SourceQuality "1"]

1. b3 e5 2. Bb2 Nc6 3. c4 Bc5 4. Nc3 Nf6 5. g3 d6 6. Bg2 Bf5 7. Nf3 Qd7 8. Na4 Bb6 9. Nxb6 axb6 10. d3 Bh3 11. O-O h5 12. Ng5 Bxg2 13. Kxg2 h4 14. e4 O-O-O 15. f4 hxg3 16. h3 Rh5 17. fxe5 dxe5 18. Rxf6 gxf6 19. Qxh5 fxg5 20. Rd1 f6 21. Qf3 Rh8 22. Qxg3 Rh4 23. Qf3 g4 24. Qxf6 gxh3+ 25. Kh2 Rf4 26. Qh8+ Qd8 27. Qxd8+ Kxd8 28. Kxh3 Rf2 29. Ba1 Rxa2 30. d4 exd4 31. Bxd4 Ke7 32. Rd3 Re2 33. Kg3 Rxe4 34. Bc3 Na5 35. Kf3 Re6 36. Bb2 Rd6 37. Ba3 c5 38. Re3+ Kd7 39. Rc3 Rd4 40. Ke3 Kc6 41. Ke2 Kd6 42. Bb2 Kc7 43. Rf3 Rd7 44. Rc3 Nc6 45. Rd3 Na5 46. Rc3 Kc6 47. Ba3 Rd4 48. Ke1 Kd6 49. Ke2 Nc6 50. Ke1 Ke5 51. Ke2 Re4+ 52. Kd2 Rd4+ 53. Rd3 Ke4 54. Rxd4+ cxd4 55. Bc1 Na5 56. Kc2 Nc6 57. Bd2 Ne5 58. Bb4 Nf3 59. Bf8 d3+ 60. Kd1 Kd4 61. Bg7+ Kc5 62. Bf8+ Kd4 0-1

[Event "59.Camp. Veneto Quarti di Finale"]
[Site "Venezia Canal"]
[Date "1999.05.15"]
[Round "3.1"]
[White "Rosino, Antonio"]
[Black "Rossato, Armando"]
[Result "0-1"]
[WhiteElo "2275"]
[BlackElo "1959"]
[Annotator "Gabriele Ballarin"]
[PlyCount "86"]
[EventDate "1999.05.14"]
[EventType "swiss"]
[EventCountry "ITA"]
[SourceTitle "CBM 001"]
[Source "ChessBase"]
[SourceDate "2004.01.01"]
[SourceVersion "1"]
[SourceVersionDate "2004.01.01"]
[SourceQuality "1"]

1. e4 c5 2. c3 d5 3. exd5 Qxd5 4. d4 Nc6 5. Nf3 Bg4 6. Be2 e6 7. c4 Qd7 8. d5 Bxf3 9. Bxf3 Nd4 10. O-O e5 11. Re1 Bd6 12. Be3 Ne7 13. Bxd4 exd4 14. Bg4 Qc7 15. Qa4+ Kf8 16. h3 h5 17. Bf3 g6 18. Nd2 Kg7 19. Ne4 Nf5 20. Nxd6 Nxd6 21. Re2 Rhe8 22. Rae1 Rxe2 23. Rxe2 a6 24. Be4 Ra7 25. Bd3 b5 26. Qc2 bxc4 27. Bxc4 a5 28. a3 Rb7 29. Qa4 Qd7 30. Qc2 a4 31. Rd2 Rb8 32. Bf1 Qa7 33. Bc4 Qa5 34. Re2 Kf6 35. Qc1 Kg7 36. Qf4 Qc7 37. Qe5+ Kg8 38. Qf4 Rd8 39. Ba2 d3 40. Re1 c4 41. Rc1 Rc8 42. Bb1 Qb6 43. Re1 Qc5 0-1

[Event "59.Camp. Veneto Quarti di Finale"]
[Site "Venezia Canal"]
[Date "1999.05.15"]
[Round "3.2"]
[White "Ventura, Boris"]
[Black "Bianchi, Andrea"]
[Result "1-0"]
[WhiteElo "2115"]
[BlackElo "2145"]
[Annotator "Gabriele Ballarin"]
[PlyCount "73"]
[EventDate "1999.05.14"]
[EventType "swiss"]
[EventCountry "ITA"]
[SourceTitle "CBM 001"]
[Source "ChessBase"]
[SourceDate "2004.01.01"]
[SourceVersion "1"]
[SourceVersionDate "2004.01.01"]
[SourceQuality "1"]

1. e4 d6 2. d4 Nf6 3. Bd3 e5 4. Nf3 Nbd7 5. c3 g6 6. Bg5 Bg7 7. Nbd2 O-O 8. dxe5 Nxe5 9. Nxe5 dxe5 10. Bc4 Qe7 11. Qb3 h6 12. Bh4 c6 13. a4 a5 14. f3 g5 15. Bf2 Nd7 16. h4 Bf6 17. Nf1 Nc5 18. Qc2 Ne6 19. Ne3 Nf4 20. g3 Nh3 21. Rxh3 Bxh3 22. g4 h5 23. Nf5 Qd7 24. Rd1 Qc7 25. Rd6 Be7 26. Rg6+ Kh7 27. Rh6+ Kg8 28. Rg6+ Kh7 29. Rh6+ Kg8 30. hxg5 b5 31. Rg6+ Kh8 32. Rh6+ Kg8 33. Rg6+ Kh8 34. Rh6+ Kg8 35. Ba2 Qd8 36. g6 Bg5 37. Rxh5 1-0

[Event "59.Camp. Veneto Quarti di Finale"]
[Site "Venezia Canal"]
[Date "1999.05.15"]
[Round "3.3"]
[White "Pegoraro, Nicola"]
[Black "Roberti, Ignazio"]
[Result "1-0"]
[WhiteElo "2072"]
[BlackElo "1652"]
[Annotator "Gabriele Ballarin"]
[PlyCount "101"]
[EventDate "1999.05.14"]
[EventType "swiss"]
[EventCountry "ITA"]
[SourceTitle "CBM 001"]
[Source "ChessBase"]
[SourceDate "2004.01.01"]
[SourceVersion "1"]
[SourceVersionDate "2004.01.01"]
[SourceQuality "1"]

1. e4 c5 2. Nf3 d6 3. d4 cxd4 4. Nxd4 Nf6 5. Nc3 g6 6. Be2 Bg7 7. O-O O-O 8. Kh1 Nc6 9. Nb3 a6 10. f4 b5 11. Bf3 Bb7 12. Qe2 e6 13. Qf2 Rc8 14. Be3 Qe7 15. Rad1 Nd7 16. Qd2 Nb4 17. a3 Bxc3 18. bxc3 Na2 19. Na5 Ba8 20. c4 bxc4 21. Ra1 Qd8 22. Rxa2 d5 23. exd5 c3 24. Qd4 Qxa5 25. dxe6 Nc5 26. exf7+ Rxf7 27. Bxa8 Ne6 28. Qd5 Qxd5 29. Bxd5 Re7 30. Re1 Kg7 31. Bxe6 Rxe6 32. Bd4+ Kf7 33. Rxe6 Kxe6 34. Ra1 Kd5 35. Rd1 Ke4 36. Be5 Ke3 37. Rd3+ Ke2 38. Rxc3 Rd8 39. Rd3 Rc8 40. Rc3 Rd8 41. h3 Rd1+ 42. Kh2 Rd2 43. Rb3 Kf1 44. Rf3+ Ke2 45. c4 Rc2 46. Rc3 Ra2 47. c5 g5 48. c6 h5 49. fxg5 h4 50. c7 Kf1 51. Rf3+ 1-0